000 00967cam a2200313Ii 4500
001 42236
005 20230410133034.0
008 791025s1979 sp b 000 0 spa d
035 _a(OCoLC)ocm05586838
040 _aDZM
_cDZM
_dOCL
_dOCLCQ
020 _z8471666211 (softbound) :
_c$9.50 (U. S.)
035 _a(OCoLC)5586838
041 1 _aspa
_heng
050 1 4 _aBF 575
_bM817r 1979
049 _aGRAL
100 1 _aMoody, Raymond A.
245 1 0 _aRisa después de la risa :
_bpoder curativo del humor /
_cRaymond A. Moody ; traducción de R. Lassaletta.
260 _aMadrid :
_bEdaf,
_c1979.
300 _a166 p. ;
_c21 cm.
490 0 _aNuevos temas.
500 _aTranslation of Laugh after laugh.
504 _aIncludes bibliographical references.
650 0 _aLaughter
_xTherapeutic use.
650 0 _aWit and humor
_xPsychological aspects.
650 4 _aRisas - Uso terapeutico
942 _2lcc
_cbk
946 _ajoacosta
994 _aC0
_bDRFGD
999 _c92203
_d92203